| 000 | 00381nam a2200133Ia 4500 | ||
|---|---|---|---|
| 005 | 20260326235504.0 | ||
| 008 | 260326s9999||||xx |||||||||||||| ||und|| | ||
| 100 | _aMarquina, Ignacio | ||
| 245 | 0 |
_aArquitectura prehispánica : _b Tomo 1 / _cIgnacio Marquina |
|
| 260 | _bInstituto Nacional de Antropología | ||
| 300 | _a501 p. | ||
| 650 | _aARQUITECTURA MESOAMÉRICANA | ||
| 942 | _cBK | ||
| 999 |
_c8128 _d8128 |
||